| 000 | 01051nam a2200313 i 4500 | ||
|---|---|---|---|
| 001 | 000013693 | ||
| 003 | DO-SdBNP | ||
| 005 | 20260217132425.0 | ||
| 007 | ta | ||
| 008 | 091127s1963 dr 000 0 spa d | ||
| 040 |
_aDO-SdBNP _bspa _cBNPHU _erda |
||
| 041 | _aspa | ||
| 082 | 4 |
_aRD863.4 _bH519r 1963 _222 |
|
| 100 | 1 |
_aHenríquez Ureña, Max, _d1885-1968 _eautor _4aut. _92621 |
|
| 245 | 1 | 3 |
_aEl retorno de los galeones y otros ensayos / _cMax Henríquez Ureña. |
| 250 | _aSegunda edición revisada y ampliada | ||
| 264 | 1 |
_aMéxico : _bEdiciones Galaxia, _bEdicionesde Andrea, _c1963. |
|
| 300 |
_c238 páginas ; _a21 cm. |
||
| 336 |
_atexto _btxt _2rdacontent |
||
| 337 |
_asin mediación _bn _2rdamedia |
||
| 338 |
_avolumen _bnc _2rdacarrier |
||
| 490 | 0 |
_aStudium _v39 |
|
| 500 | _aIncluye referencias bibliográficas y notas al pie de las páginas | ||
| 590 | _aInventariado, 2018/LP | ||
| 650 | 4 |
_aEnsayos dominicanos _965 |
|
| 650 | 4 |
_aLiteratura dominicana. _967 |
|
| 910 | _aValidado. Control de calidad MFF | ||
| 942 |
_2ddc _cLBS1 |
||
| 999 |
_c13306 _d13306 |
||